000 005580000a22001810004500
003 MACL
005 20160218130302.0
008 160218b xxu||||| |||| 00| 0 eng d
040 _aMACL
_cMACL
041 _aHindi
082 _a400
100 _aशास्‍त्री उदयवीर
_938851
245 _aब्रहम्‍सूत्र-विघोदयाभाष्‍यम़
260 _bभारत मुद्रणालय
_aदिल्‍ली
350 _a30
650 _aLanguage
_938852
942 _cHIN
_k400
_2ddc
999 _c26853
_d26853